Mapa de África examen - Estadísticas

Estadísticas generales
  • Esta prueba ha sido intentada 130 veces
  • La puntuación promedio es 23 de 27
Respuestas en el mapa
Las respuestas están codificadas por una escala verde-roja en el mapa de la prueba según el % correcto abajo.
 
Estadísticas de respuestas
Respuesta % Correcto
Egipto
98%
Argelia
94%
Marruecos
94%
Madagascar
92%
Sudáfrica
92%
Chad
90%
Libia
88%
Túnez
88%
Camerún
85%
Costa de Marfil
85%
Etiopía
85%
Kenia
85%
Mauritania
85%
Nigeria
85%
Sudán
85%
Angola
83%
Ghana
83%
Somalia
83%
Mozambique
81%
República Democrática del Congo
81%
Ruanda
81%
Botsuana
79%
Senegal
79%
Tanzania
79%
Guinea Ecuatorial
77%
República del Congo
73%
Namibia
71%
No se encontraron pruebas coincidentes
Distribución de puntuación
Porcentaje de gente con cada puntuación
Porcentaje por número respondido
Historial de tus puntuaciones
No has intentado esta prueba.